| 000 | 00391 a2200145 4500 | ||
|---|---|---|---|
| 999 |
_c11339 _d11339 |
||
| 003 | OSt | ||
| 005 | 20230320200212.0 | ||
| 008 | 230320b ||||| |||| 00| 0 eng d | ||
| 020 | _a9781636405636 | ||
| 082 |
_a720.954 _bSAB |
||
| 100 | _aarchitect Sarbjit Bahga | ||
| 245 | _aNew Indian Architecture - 1947-2020 | ||
| 260 | _bWhite Falcon Publishing 1st edition (10 May 2022) | ||
| 942 | _2ddc | ||